00512 a2200169 450000100060000002000150000604000220002110000200004324000560006324500510011930000080017036200090017865000220018794200070020995201090021699900170032560882 a8573023716 cAnchieta - Pituba aMariconi, Italo10aOs cem melhores poemas brasileiros do séculolpor10aOs cem melhores poemas brasileiros do século a3510 a2001 4aPoesia brasileira cBK 00104070a91.1b91.1d2023-11-21l0o869.91 C394c CEMp12694/PITr2023-11-21 18:28:59w2023-11-21yBK c60882d60882